5HLuxD.jpg

KING HENRY VIII SENIOR AND PRIMARY SCHOOL LIBRARY OPAC

The science book. (Record no. 335)

000 -LEADER
fixed length control field 02189cam a22004817i 4500
001 - CONTROL NUMBER
control field 18282093
003 - CONTROL NUMBER IDENTIFIER
control field OSt
005 - DATE AND TIME OF LATEST TRANSACTION
control field 20190806141912.0
008 - FIXED-LENGTH DATA ELEMENTS--GENERAL INFORMATION
fixed length control field 140827s2014 nyuab 001 0 eng d
010 ## - LIBRARY OF CONGRESS CONTROL NUMBER
LC control number 2012287451
020 ## - INTERNATIONAL STANDARD BOOK NUMBER
International Standard Book Number 9781465419651 (hbk.)
020 ## - INTERNATIONAL STANDARD BOOK NUMBER
International Standard Book Number 1465419659
035 ## - SYSTEM CONTROL NUMBER
System control number (OCoLC)ocn859882957
040 ## - CATALOGING SOURCE
Original cataloging agency YDXCP
Language of cataloging eng
Description conventions rda
Transcribing agency YDXCP
Modifying agency BTCTA
-- BDX
-- FLWMD
-- LF3
-- CLE
-- FOLLT
-- IQ2
-- OCO
-- ZHB
-- VP@
-- DLC
042 ## - AUTHENTICATION CODE
Authentication code lccopycat
082 04 - DEWEY DECIMAL CLASSIFICATION NUMBER
Classification number 500 SCI
Edition number 23
245 04 - TITLE STATEMENT
Title The science book.
264 #1 - PRODUCTION, PUBLICATION, DISTRIBUTION, MANUFACTURE, AND COPYRIGHT NOTICE
Place of production, publication, distribution, manufacture New York, New York :
Name of producer, publisher, distributor, manufacturer DK Publishing,
Date of production, publication, distribution, manufacture, or copyright notice 2014.
300 ## - PHYSICAL DESCRIPTION
Extent 352 pages :
Other physical details illustrations (some col.), maps (some col.) ;
Dimensions 25 cm.
336 ## - CONTENT TYPE
Content type term text
Content type code txt
Source rdacontent
337 ## - MEDIA TYPE
Media type term unmediated
Media type code n
Source rdamedia
338 ## - CARRIER TYPE
Carrier type term volume
Carrier type code nc
Source rdacarrier
490 1# - SERIES STATEMENT
Series statement Big ideas simply explained
500 ## - GENERAL NOTE
General note Includes index.
520 ## - SUMMARY, ETC.
Summary, etc. The Science Book is an inventive visual take on astronomy, biology, chemistry, geology, and physics. With eye-catching artwork, step-by-step diagrams, and illustrations that break down complicated ideas into manageable concepts, The Science Book will have readers conversant in genetic engineering, black holes, and global warming in no time. Along the way are found mini-biographies of the most well-known scientists, and a glossary of helpful scientific terms..
650 #0 - SUBJECT ADDED ENTRY--TOPICAL TERM
Topical term or geographic name entry element Science
Form subdivision Popular works.
650 #0 - SUBJECT ADDED ENTRY--TOPICAL TERM
Topical term or geographic name entry element Science
General subdivision History
Form subdivision Popular works.
650 #0 - SUBJECT ADDED ENTRY--TOPICAL TERM
Topical term or geographic name entry element Scientists
Form subdivision Biography.
700 ## - ADDED ENTRY--PERSONAL NAME
Personal name Hart-Davis, Adam
Relator term Consultant editor
700 ## - ADDED ENTRY--PERSONAL NAME
Personal name Farndon, john
Relator term Contributor
700 ## - ADDED ENTRY--PERSONAL NAME
Personal name Green, Dan
Relator term Contributor
700 ## - ADDED ENTRY--PERSONAL NAME
Personal name Harvey, Derek
Relator term Contributor
700 ## - ADDED ENTRY--PERSONAL NAME
Personal name Johnson, Penny
Relator term Contributor
700 ## - ADDED ENTRY--PERSONAL NAME
Personal name Palmer, Douglas
Relator term Contributor
700 ## - ADDED ENTRY--PERSONAL NAME
Personal name Parker, Steve
Relator term Contributor
700 ## - ADDED ENTRY--PERSONAL NAME
Personal name Sparrow, Giles
Relator term Contributor
710 2# - ADDED ENTRY--CORPORATE NAME
Corporate name or jurisdiction name as entry element DK Publishing, Inc.
830 #0 - SERIES ADDED ENTRY--UNIFORM TITLE
Uniform title Big ideas simply explained.
856 42 - ELECTRONIC LOCATION AND ACCESS
Materials specified Publisher description
Uniform Resource Identifier <a href="http://www.loc.gov/catdir/enhancements/fy1501/2012287451-d.html">http://www.loc.gov/catdir/enhancements/fy1501/2012287451-d.html</a>
906 ## - LOCAL DATA ELEMENT F, LDF (RLIN)
a 7
b cbc
c copycat
d 2
e ncip
f 20
g y-gencatlg
942 ## - ADDED ENTRY ELEMENTS (KOHA)
Source of classification or shelving scheme
Koha item type Books - Non Ficton
Holdings
Withdrawn status Lost status Source of classification or shelving scheme Damaged status Not for loan Collection code Permanent Location Current Location Shelving location Date acquired Full call number Barcode Date last seen Price effective from Koha item type
          Non-Fiction KH8 Senior School Library KH8 Senior School Library Non Fiction 2019-08-06 500 SCI 3KHSL000101174 2019-08-06 2019-08-06 Books - Non Ficton

Powered By KH8 IT Dept